Tax Subsidies for Expanding Health Insurance Coverage : Selected Policy Issues for the 108th Congress.

Summarizes factors affecting the cost-effectiveness of tax subsidies to expand health insurance coverage for the medically uninsured. Examines the rationale for Government intervention in the health insurance market. Reviews important considerations in designing tax incentives to expand health insur...

Full description

Bibliographic Details
Corporate Authors: Library of Congress. Congressional Research Service, ProQuest (Firm)
Format: eBook
Language:English
Published: [Place of publication not identified] : [publisher not identified], 2003.
Series:U.S. Congressional Research.
Subjects:
Online Access:Connect to the full text of this electronic book

MARC

Tag First Indicator Second Indicator Subfields
LEADER 00000cam a22000001a 4500
001 in00003355621
006 m d f
007 cr bn mmmapmmp
008 100727s2003 dcu o f000 0 eng d
005 20260501144914.0
035 |a cis2007902407 
040 |a ProQuest  |c ProQuest  |d UtOrBLW 
043 |a n-us--- 
099 |a CRS-2003-GVF-0163 
110 2 |a Library of Congress.  |b Congressional Research Service. 
245 1 0 |a Tax Subsidies for Expanding Health Insurance Coverage :  |b Selected Policy Issues for the 108th Congress. 
264 1 |a [Place of publication not identified] :  |b [publisher not identified],  |c 2003. 
300 |a 1 online resource. 
336 |a text  |b txt  |2 rdacontent 
337 |a computer  |b c  |2 rdamedia 
338 |a online resource  |b cr  |2 rdacarrier 
500 |a Record is based on bibliographic data in ProQuest U.S. Congressional Research Digital Collection (last viewed July 2010). Reuse except for individual research requires license from ProQuest, LLC. 
500 |a CRS Report. 
520 |a Summarizes factors affecting the cost-effectiveness of tax subsidies to expand health insurance coverage for the medically uninsured. Examines the rationale for Government intervention in the health insurance market. Reviews important considerations in designing tax incentives to expand health insurance coverage, including current Federal tax subsidies for health insurance and relevant characteristics of the non-elderly uninsured population and the health insurance market for the non-elderly. Analyzes potential effectiveness and cost of proposed tax subsidies to expand health insurance coverage, including findings of recent studies. 
500 |a Electronic resource. 
650 0 |a Business. 
650 0 |a Government productivity. 
650 0 |a Health insurance. 
655 7 |a Electronic books.  |2 local 
710 2 |a ProQuest (Firm) 
776 0 8 |i Microfiche version:   |a Library of Congress. Congressional Research Service.  |t Tax Subsidies for Expanding Health Insurance Coverage 
830 0 |a U.S. Congressional Research. 
856 4 0 |u http://proxy.library.tamu.edu/login?url=https://congressional.proquest.com/congcomp/getdoc?CRDC-ID=CRS-2003-GVF-0163  |z Connect to the full text of this electronic book  |t 0 
999 |a MARS 
999 f f |s 821713ab-8af1-3e5d-8c11-22f5ebfafde2  |i f7a5e848-8547-36a4-970a-9d98d1dc6150  |t 0 
952 f f |a Texas A&M University  |b College Station  |c Electronic Resources  |s www_evans  |d Available Online  |t 0  |e CRS-2003-GVF-0163  |h Other scheme 
998 f f |a CRS-2003-GVF-0163  |t 0  |l Available Online